000 01293nam a2200229Ia 4500
003 Ost
005 20260507075440.0
008 260507s9999||||xx |||||||||||||| ||und||
040 _cfsecg
041 _aara
082 _a1.6
100 _aمطيع، ياسر
_eمؤلف
245 0 _aأساسيات قواعد البيانات (نظري وعملي) /
_c ياسر مطيع
250 _aطبعة 2
260 _aعمان:
_bمكتبة المجتمع العربي,
_c2010
300 _a383 صفحة؛
_bإيضاحات ؛
_c25 سم
504 _aببليوغرافيا: ص.383 ملاحق ص.371
520 _aانظمة الملفات التعليمية، قواعد البيانات والمستخدمون، هيكلية نظام وادارة قواعد البيانات، قواعد البيانات العلائقية، نموذج الكينونات العلائقية، الصيغ المعيارية، الجيد العلائقي، لغة الاسترجاع، مدخل الى تطبيق قواعد البيانات، قواعد البيانات، الجداول العلاقات، الاستعلامات، النماذج، التقارير، الماكرو
653 _aالبيانات
653 _aنظم المعلومات- المؤسسة الممتدة
942 _cكتاب
999 _c44558
_d44558